000 00324nam a2200121Ia 4500
008 190216s9999||||xx |||||||||||||| ||und||
100 _aLinus Pauling And Bright Wilson
245 0 _aNature Of The Chemical Bond
260 _bOxford And Ibh Publishing Co. Pvt Ltd
_c1960
300 _a644p
650 _aChemistry
942 _cBK
999 _c2395
_d2395